<?xml version="1.0" encoding="UTF-8"?>
<record
    xmlns:xsi="http://www.w3.org/2001/XMLSchema-instance"
    xsi:schemaLocation="http://www.loc.gov/MARC21/slim http://www.loc.gov/standards/marcxml/schema/MARC21slim.xsd"
    xmlns="http://www.loc.gov/MARC21/slim">

  <leader>02989cam a2200361 i 4500</leader>
  <controlfield tag="001">ocn812688596</controlfield>
  <controlfield tag="003">EG-ScBUE</controlfield>
  <controlfield tag="005">20240626125251.0</controlfield>
  <controlfield tag="008">121004s2013    enka   f b    001 0 eng d</controlfield>
  <datafield tag="020" ind1=" " ind2=" ">
    <subfield code="a">9781780765013</subfield>
  </datafield>
  <datafield tag="040" ind1=" " ind2=" ">
    <subfield code="a">UKMGB</subfield>
    <subfield code="b">eng</subfield>
    <subfield code="e">rda</subfield>
    <subfield code="c">UKMGB</subfield>
    <subfield code="d">OCLCO</subfield>
    <subfield code="d">BTCTA</subfield>
    <subfield code="d">BDX</subfield>
    <subfield code="d">YDXCP</subfield>
    <subfield code="d">NLGGC</subfield>
    <subfield code="d">WEA</subfield>
    <subfield code="d">WEX</subfield>
    <subfield code="d">I3U</subfield>
    <subfield code="d">EG-ScBUE</subfield>
  </datafield>
  <datafield tag="043" ind1=" " ind2=" ">
    <subfield code="a">f-ke---</subfield>
  </datafield>
  <datafield tag="082" ind1="0" ind2="4">
    <subfield code="2">22</subfield>
    <subfield code="a">967.6204</subfield>
    <subfield code="b">HOR</subfield>
  </datafield>
  <datafield tag="100" ind1="1" ind2=" ">
    <subfield code="a">Hornsby, Charles,</subfield>
    <subfield code="e">author.</subfield>
    <subfield code="9">40134</subfield>
  </datafield>
  <datafield tag="245" ind1="1" ind2="0">
    <subfield code="a">Kenya :</subfield>
    <subfield code="b">a history since independence /</subfield>
    <subfield code="c">Charles Hornsby.</subfield>
  </datafield>
  <datafield tag="250" ind1=" " ind2=" ">
    <subfield code="a">New edition.</subfield>
  </datafield>
  <datafield tag="264" ind1=" " ind2="1">
    <subfield code="a">London ;</subfield>
    <subfield code="a">New York :</subfield>
    <subfield code="b">I. B. Tauris,</subfield>
    <subfield code="c">2013.</subfield>
  </datafield>
  <datafield tag="300" ind1=" " ind2=" ">
    <subfield code="a">xviii, 958 pages :</subfield>
    <subfield code="b">illustrations ;</subfield>
    <subfield code="c">24 cm</subfield>
  </datafield>
  <datafield tag="336" ind1=" " ind2=" ">
    <subfield code="2">rdacontent</subfield>
    <subfield code="a">text</subfield>
    <subfield code="b">txt</subfield>
  </datafield>
  <datafield tag="337" ind1=" " ind2=" ">
    <subfield code="a">unmediated</subfield>
    <subfield code="2">rdamedia</subfield>
    <subfield code="b">n</subfield>
  </datafield>
  <datafield tag="338" ind1=" " ind2=" ">
    <subfield code="a">volume</subfield>
    <subfield code="b">nc</subfield>
    <subfield code="2">rdacarrier</subfield>
  </datafield>
  <datafield tag="504" ind1=" " ind2=" ">
    <subfield code="a">Includes bibliographical references and index.
</subfield>
  </datafield>
  <datafield tag="505" ind1="0" ind2=" ">
    <subfield code="a">Independence! -- Struggle for the state 1964-1965 -- Multi-party but not democracy 1966-1969 -- 'Golden years' 1970-1974 -- Rigor mortis 1975-1978 -- Too many cooks 1978-1983 -- Heavy footsteps 1984-1989 -- A second liberation? 1990-1992 -- Conflict and change 1993-1997 -- Unnatural succession 1998-2002 -- Back to the future 2003-2008 -- Cold war and compromise 2008-2011.</subfield>
  </datafield>
  <datafield tag="520" ind1=" " ind2=" ">
    <subfield code="a">"Since independence in 1963, Kenya has survived nearly five decades as a functioning nation-state, with regular elections, its borders intact and without experiencing war or military rule. However, Kenya's independence has always been circumscribed by its failure to transcend its colonial past; its governments have failed to achieve adequate living conditions for most of its citizens; and its politics have been fraught with controversy - illustrated most recently by the post-election protests and violence in 2007. The decisions of the early years of independence, and the acts of its leaders in the decades since - from Jomo Kenyatta, Tom Mboya and Oginga Odinga to Daniel arap Moi and Mwai Kibaki - have changed the country's path in unpredictable ways, but key themes of conflicts remain: over land, tribalism - including the simmering Kikuyu-Luo rivalries - money, power, national autonomy and the distribution of resources. The political elite's endless struggle for access to state resources has damaged Kenya's economy and the political exploitation of ethnicity still threatens the country's stability.  In this definitive new history, Charles Hornsby demonstrates how independent Kenya's politics have been dominated by a struggle to deliver security, impartiality, efficiency and growth, but how the legacies of the past have continued to undermine their achievement, making the long-term future of Kenya far from certain."--</subfield>
  </datafield>
  <datafield tag="650" ind1=" " ind2=" ">
    <subfield code="2">BUEsh</subfield>
  </datafield>
  <datafield tag="651" ind1=" " ind2="7">
    <subfield code="a">Kenya</subfield>
    <subfield code="x">History</subfield>
    <subfield code="y">1963-</subfield>
    <subfield code="2">BUEsh</subfield>
  </datafield>
  <datafield tag="651" ind1=" " ind2="7">
    <subfield code="a">Kenya</subfield>
    <subfield code="x">Politics and government.</subfield>
    <subfield code="2">BUEsh</subfield>
  </datafield>
  <datafield tag="651" ind1=" " ind2="7">
    <subfield code="a">Kenya</subfield>
    <subfield code="x">Economic conditions</subfield>
    <subfield code="y">1963-</subfield>
    <subfield code="2">BUEsh</subfield>
  </datafield>
  <datafield tag="651" ind1=" " ind2="7">
    <subfield code="a">Kenya</subfield>
    <subfield code="x">Social conditions</subfield>
    <subfield code="y">1963-</subfield>
    <subfield code="2">BUEsh</subfield>
  </datafield>
  <datafield tag="653" ind1=" " ind2=" ">
    <subfield code="b">BUSBOL</subfield>
    <subfield code="c">June2016</subfield>
  </datafield>
  <datafield tag="655" ind1=" " ind2=" ">
    <subfield code="v">Reading book</subfield>
  </datafield>
  <datafield tag="942" ind1=" " ind2=" ">
    <subfield code="2">ddc</subfield>
    <subfield code="c">BB</subfield>
  </datafield>
  <datafield tag="999" ind1=" " ind2=" ">
    <subfield code="c">21855</subfield>
    <subfield code="d">21827</subfield>
  </datafield>
  <datafield tag="952" ind1=" " ind2=" ">
    <subfield code="0">0</subfield>
    <subfield code="1">0</subfield>
    <subfield code="2">ddc</subfield>
    <subfield code="4">0</subfield>
    <subfield code="7">0</subfield>
    <subfield code="8">Alahram</subfield>
    <subfield code="a">MAIN</subfield>
    <subfield code="b">MAIN</subfield>
    <subfield code="c">2ND</subfield>
    <subfield code="d">2016-06-08</subfield>
    <subfield code="e">Purchase</subfield>
    <subfield code="g">235.00</subfield>
    <subfield code="l">1</subfield>
    <subfield code="m">19</subfield>
    <subfield code="o">967.6204 HOR</subfield>
    <subfield code="p">000032639</subfield>
    <subfield code="r">2025-07-15 00:00:00</subfield>
    <subfield code="s">2017-02-04</subfield>
    <subfield code="v">293.75</subfield>
    <subfield code="w">2016-06-08</subfield>
    <subfield code="y">BB</subfield>
  </datafield>
</record>
